[Event "36. Copenhagen Open (Politiken Cup)"]
[Site "Elsinore"]
[Date "2014.07.23"]
[Round "4"]
[White "Loveid, Erik"]
[Black "Nielsen, Palle"]
[Result "0-1"]
[WhiteElo "1490"]
[BlackElo "1771"]
[PlyCount "94"]
[EventDate "2014.07.21"]
[EventType "swiss"]
[EventRounds "10"]
[EventCountry "DEN"]
[Source "ChessBase"]
[SourceDate "2014.08.29"]

1. d4 Nf6 2. Bg5 d5 3. Bxf6 exf6 4. e3 Nc6 5. g3 Be6 6. Bg2 Na5 7. Nd2 Rc8 8.
Ne2 b6 9. Nf4 g6 10. O-O c6 11. b3 Nb7 12. c4 g5 13. cxd5 cxd5 14. Nxe6 fxe6
15. Qh5+ Kd7 16. Rfc1 Ba3 17. Rxc8 Qxc8 18. Qf7+ Be7 19. Nf3 Nd6 20. Qh5 Qc2
21. Ne1 Qc3 22. Qd1 Rc8 23. Nd3 Qa5 24. b4 Qa6 25. Bf1 Qb7 26. a4 Nc4 27. Ne1
Bxb4 28. Qb1 Bxe1 29. Bxc4 Bxf2+ 30. Kxf2 Rxc4 31. Qxh7+ Kc6 32. Qg6 Qe7 33. h4
Kd6 34. h5 f5 35. h6 Rc2+ 36. Kg1 Rc7 37. Kf2 g4 38. Rh1 Rc2+ 39. Kg1 Qc7 40.
e4 dxe4 41. Qg5 Rc1+ 42. Qxc1 Qxc1+ 43. Kg2 Qd2+ 44. Kg1 Qxd4+ 45. Kg2 Qd2+ 46.
Kg1 e3 47. Rh2 Qd1+ 0-1

[Event "36. Copenhagen Open (Politiken Cup)"]
[Site "Elsinore"]
[Date "2014.07.23"]
[Round "4"]
[White "Ly, Moulthun"]
[Black "Matlakov, Maxim"]
[Result "0-1"]
[WhiteElo "2466"]
[BlackElo "2685"]
[PlyCount "94"]
[EventDate "2014.07.21"]
[EventType "swiss"]
[EventRounds "10"]
[EventCountry "DEN"]
[Source "ChessBase"]
[SourceDate "2014.08.29"]

1. e4 c5 2. Nf3 e6 3. d4 cxd4 4. Nxd4 Nc6 5. Nc3 Qc7 6. Be3 a6 7. Qd2 Nf6 8.
O-O-O Be7 9. f4 b5 10. Bd3 Bb7 11. Rhe1 O-O 12. Kb1 d6 13. Nb3 Rac8 14. Bg1
Rfd8 15. Qe3 Nb4 16. Qb6 Nxd3 17. Qxc7 Rxc7 18. cxd3 Nd7 19. Na5 Ba8 20. a3
Rdc8 21. Na2 e5 22. fxe5 dxe5 23. Re2 Nb8 24. Nb4 Rd7 25. Bb6 Rd6 26. Ba7 Bd8
27. Nb3 Nd7 28. Bf2 a5 29. Na2 f5 30. Nc3 b4 31. axb4 axb4 32. Nb5 Ra6 33. Nd2
Rb8 34. Na7 Bb6 35. Bxb6 Raxb6 36. Rc1 Rd6 37. exf5 Rxd3 38. Rc7 Nf6 39. Nc6
Bxc6 40. Rxc6 Rbd8 41. Nf3 e4 42. Ng5 e3 43. Rc1 Re8 44. Ne6 Ne4 45. Nf4 Nd2+
46. Kc2 Rd4 47. Ne6 Rc8+ 0-1

[Event "36. Copenhagen Open (Politiken Cup)"]
[Site "Elsinore"]
[Date "2014.07.23"]
[Round "4"]
[White "Maechel, Michael"]
[Black "Nielsen, Morten"]
[Result "0-1"]
[WhiteElo "1718"]
[BlackElo "1970"]
[PlyCount "58"]
[EventDate "2014.07.21"]
[EventType "swiss"]
[EventRounds "10"]
[EventCountry "DEN"]
[Source "ChessBase"]
[SourceDate "2014.08.29"]

1. e4 Nf6 2. e5 Nd5 3. d4 d6 4. c4 Nb6 5. exd6 exd6 6. Nf3 Bg4 7. b3 Be7 8. Bd3
O-O 9. O-O Bf6 10. Bb2 c5 11. Be2 Nc6 12. Na3 Bxf3 13. Bxf3 Nxd4 14. Bxb7 Rb8
15. Bd5 Nxd5 16. cxd5 Nf3+ 17. gxf3 Bxb2 18. Nc4 Bxa1 19. Qxa1 Qg5+ 20. Kh1
Qxd5 21. Rg1 Qxf3+ 22. Rg2 f6 23. Kg1 Rbe8 24. Rg3 Qe2 25. Ne3 d5 26. Qb1 d4
27. Rh3 dxe3 28. Qxh7+ Kf7 29. fxe3 Rxe3 0-1

[Event "36. Copenhagen Open (Politiken Cup)"]
[Site "Elsinore"]
[Date "2014.07.23"]
[Round "4"]
[White "Marder, Simon"]
[Black "Hardlei, Johan"]
[Result "0-1"]
[WhiteElo "2082"]
[BlackElo "1884"]
[PlyCount "120"]
[EventDate "2014.07.21"]
[EventType "swiss"]
[EventRounds "10"]
[EventCountry "DEN"]
[Source "ChessBase"]
[SourceDate "2014.08.29"]

1. d4 d5 2. Nc3 Nf6 3. Bg5 Nbd7 4. Qd3 h6 5. Bf4 c6 6. Nf3 e6 7. a3 Qa5 8. Bd2
Qc7 9. e4 a6 10. e5 Ng8 11. Nd1 c5 12. c3 c4 13. Qe2 Ne7 14. h4 Nc6 15. g3 Na5
16. Bf4 Nb3 17. Rb1 Be7 18. Nd2 Qb6 19. Nxb3 Qxb3 20. Ra1 Nb6 21. h5 Na4 22.
Bc1 b5 23. Qd2 a5 24. Be2 b4 25. axb4 axb4 26. Ne3 bxc3 27. bxc3 Bd7 28. O-O
O-O 29. Nd1 Nxc3 30. Rxa8 Nxe2+ 31. Qxe2 Rxa8 32. Qg4 Kh8 33. Ne3 Bb5 34. Qf4
Kg8 35. Qg4 Kh8 36. Ng2 c3 37. Re1 Qc2 38. Qf3 Be8 39. Ne3 Qe4 40. Qe2 Ra1 41.
Kh2 Bb4 42. Rf1 Qxd4 43. Nc2 Ra2 44. Nxd4 Rxe2 45. Nxe2 Bb5 46. Ba3 Bxa3 47.
Ra1 Bxe2 48. Rxa3 d4 49. f3 d3 50. Rxc3 d2 51. Rc8+ Kh7 52. Rd8 d1=Q 53. Rxd1
Bxd1 54. Kg2 g6 55. hxg6+ fxg6 56. g4 h5 57. gxh5 gxh5 58. Kg3 Kg6 59. Kf4 Bxf3
60. Kxf3 Kf5 0-1

[Event "36. Copenhagen Open (Politiken Cup)"]
[Site "Elsinore"]
[Date "2014.07.23"]
[Round "4"]
[White "Merkesvik, Sondre"]
[Black "Stojanovski, Sandi"]
[Result "1/2-1/2"]
[WhiteElo "2057"]
[BlackElo "2230"]
[PlyCount "53"]
[EventDate "2014.07.21"]
[EventType "swiss"]
[EventRounds "10"]
[EventCountry "DEN"]
[Source "ChessBase"]
[SourceDate "2014.08.29"]

1. Nf3 c5 2. g3 b6 3. Bg2 Bb7 4. c4 Nf6 5. O-O e6 6. Nc3 Be7 7. e3 O-O 8. d4 d6
9. Qc2 Nbd7 10. b3 a6 11. Rd1 cxd4 12. exd4 Rc8 13. Bb2 b5 14. Qe2 bxc4 15.
bxc4 Qc7 16. d5 e5 17. Nd2 Nc5 18. Rac1 Nfd7 19. Nce4 f5 20. Nxc5 Nxc5 21. Nb3
a5 22. Qe3 Ba6 23. Ba3 Rb8 24. Nxc5 dxc5 25. d6 Bxd6 26. Rxd6 Qxd6 27. Bxc5
1/2-1/2

[Event "36. Copenhagen Open (Politiken Cup)"]
[Site "Elsinore"]
[Date "2014.07.23"]
[Round "4"]
[White "Moe, Mogens"]
[Black "Wilen, Eero"]
[Result "0-1"]
[WhiteElo "2274"]
[BlackElo "2087"]
[PlyCount "82"]
[EventDate "2014.07.21"]
[EventType "swiss"]
[EventRounds "10"]
[EventCountry "DEN"]
[Source "ChessBase"]
[SourceDate "2014.08.29"]

1. e4 e5 2. Nf3 Nc6 3. d4 exd4 4. Nxd4 Nf6 5. Nxc6 bxc6 6. e5 Qe7 7. Qe2 Nd5 8.
c4 Ba6 9. Nd2 g6 10. Qe4 Nb6 11. b3 Bg7 12. Bb2 d5 13. Qe3 O-O 14. cxd5 Bxf1
15. Kxf1 cxd5 16. Rc1 Rfe8 17. Nf3 Rac8 18. g3 c5 19. Kg2 d4 20. Qd3 Bxe5 21.
Rhe1 Qd6 22. Ba3 Nd7 23. Re2 Bg7 24. Rec2 Qd5 25. Kg1 Bh6 26. Rd1 Re3 27. fxe3
Qxf3 28. Bc1 Ne5 29. Qf1 d3 30. Rf2 Bxe3 31. Bxe3 Qxe3 32. Qg2 c4 33. bxc4 Rxc4
34. Kf1 Rc1 35. Qa8+ Kg7 36. Rxc1 Qxc1+ 37. Kg2 d2 38. Qd5 d1=Q 39. Qxe5+ Kh6
40. Rf4 Qc6+ 41. Kh3 Qe6+ 0-1

[Event "36. Copenhagen Open (Politiken Cup)"]
[Site "Elsinore"]
[Date "2014.07.23"]
[Round "4"]
[White "Moiseenko, Alexander"]
[Black "Le Roux, Jean Pierre"]
[Result "1/2-1/2"]
[WhiteElo "2707"]
[BlackElo "2560"]
[PlyCount "181"]
[EventDate "2014.07.21"]
[EventType "swiss"]
[EventRounds "10"]
[EventCountry "DEN"]
[Source "ChessBase"]
[SourceDate "2014.08.29"]

1. d4 Nf6 2. c4 e6 3. Nc3 Bb4 4. Nf3 b6 5. Bg5 h6 6. Bh4 g5 7. Bg3 Ne4 8. Qc2
Bb7 9. Be5 f6 10. d5 fxe5 11. Qxe4 Bxc3+ 12. bxc3 Qf6 13. h4 gxh4 14. Nxe5 Rg8
15. Rxh4 Na6 16. Rf4 Qe7 17. d6 Bxe4 18. dxe7 Nc5 19. f3 d6 20. Ng4 Kxe7 21.
Nxh6 Rh8 22. Ng4 Bc6 23. Nf2 e5 24. Rg4 Ne6 25. e3 Bd7 26. O-O-O Raf8 27. Rg3
Nc5 28. Nd3 Rf7 29. Nxc5 bxc5 30. Bd3 Be6 31. Kd2 Rb8 32. Kc2 Rb6 33. Rh1 Ra6
34. Kb2 Rb6+ 35. Ka1 Ra6 36. Rg6 e4 37. Bxe4 Bxc4 38. Bb1 Rb6 39. Rgh6 a5 40.
Bc2 Rb8 41. Bg6 Rg7 42. Rh7 Rxh7 43. Rxh7+ Kf6 44. Bc2 Re8 45. e4 Bf1 46. g4
Kg5 47. Rxc7 Kf4 48. Rd7 c4 49. Rxd6 Ke3 50. Kb2 Bd3 51. g5 Rb8+ 52. Kc1 Rg8
53. g6 Rh8 54. g7 Rh1+ 55. Kb2 Rg1 56. Rh6 Rxg7 57. Rh2 Kxf3 58. e5 Re7 59.
Rh3+ Ke4 60. Rh4+ Ke3 61. Rh3+ Ke4 62. Rh4+ Ke3 63. Rh5 Re6 64. Bxd3 cxd3 65.
Rh3+ Ke2 66. Rh2+ Ke3 67. c4 d2 68. Kc2 d1=Q+ 69. Kxd1 Kd4 70. Rh4+ Kd3 71. Kc1
Rxe5 72. Kb2 Rc5 73. Kb3 Rc8 74. a3 Rc7 75. Rh5 a4+ 76. Kxa4 Kxc4 77. Ra5 Rb7
78. Ra8 Rc7 79. Ka5 Kb3 80. Kb5 Rh7 81. a4 Rh5+ 82. Kb6 Rh6+ 83. Kc7 Rh7+ 84.
Kd6 Rh6+ 85. Ke7 Kb4 86. a5 Kb5 87. Kd7 Rh7+ 88. Ke6 Rh6+ 89. Kf5 Ra6 90. Rxa6
Kxa6 91. Ke5 1/2-1/2

[Event "36. Copenhagen Open (Politiken Cup)"]
[Site "Elsinore"]
[Date "2014.07.23"]
[Round "4"]
[White "Molin, Claus"]
[Black "Nielsen, Jens Holm"]
[Result "1/2-1/2"]
[WhiteElo "2002"]
[BlackElo "1802"]
[PlyCount "131"]
[EventDate "2014.07.21"]
[EventType "swiss"]
[EventRounds "10"]
[EventCountry "DEN"]
[Source "ChessBase"]
[SourceDate "2014.08.29"]

1. e4 Nc6 2. Bc4 Nf6 3. d3 d6 4. c3 Ne5 5. Bb3 Bg4 6. f3 Bd7 7. d4 Ng6 8. Be3
e5 9. d5 Nh5 10. g3 Be7 11. Qd2 h6 12. c4 b6 13. Nc3 Bg5 14. O-O-O O-O 15. Bc2
Bxe3 16. Qxe3 a6 17. Nce2 Qg5 18. Kd2 b5 19. b3 b4 20. Nc1 a5 21. Nd3 Rfb8 22.
Ne2 Qxe3+ 23. Kxe3 f5 24. exf5 Bxf5 25. Nxb4 Bxc2 26. Nxc2 Nf6 27. Nc3 Ne7 28.
Nb5 Nf5+ 29. Kf2 Rb7 30. Rhe1 g5 31. Ne3 Nxe3 32. Kxe3 Rf8 33. Rf1 g4 34. f4
Nd7 35. fxe5 Nxe5 36. Rxf8+ Kxf8 37. Rf1+ Kg7 38. Rf4 h5 39. Rf5 Kg6 40. Rf8
Nf3 41. h3 Ne1 42. hxg4 hxg4 43. Rg8+ Kh5 44. Rc8 Nc2+ 45. Kf4 Nb4 46. Rh8+ Kg6
47. Kxg4 Nxa2 48. Rh1 Nb4 49. Nd4 Nd3 50. Rb1 Ne5+ 51. Kf4 Nxc4 52. Rc1 Nb6 53.
Ke4 Nd7 54. Ne6 Nf6+ 55. Kd4 Rb4+ 56. Rc4 Rxb3 57. Nxc7 Rxg3 58. Rc6 Rg4+ 59.
Kd3 Ne4 60. Nb5 Kf6 61. Nxd6 Nxd6 62. Rxd6+ Ke5 63. Ra6 Rd4+ 64. Kc3 Rxd5 65.
Kb3 Kd4 66. Rc6 1/2-1/2

[Event "36. Copenhagen Open (Politiken Cup)"]
[Site "Elsinore"]
[Date "2014.07.23"]
[Round "4"]
[White "Molvig, Henrik"]
[Black "Mehringer, Joerg"]
[Result "1/2-1/2"]
[WhiteElo "2162"]
[BlackElo "1939"]
[PlyCount "37"]
[EventDate "2014.07.21"]
[EventType "swiss"]
[EventRounds "10"]
[EventCountry "DEN"]
[Source "ChessBase"]
[SourceDate "2014.08.29"]

1. d4 Nf6 2. Nf3 g6 3. c4 Bg7 4. Nc3 O-O 5. e4 d6 6. Be2 Na6 7. O-O e5 8. Bg5
h6 9. Bh4 g5 10. Bg3 g4 11. Nh4 exd4 12. Qxd4 Nh5 13. Qd2 Nxg3 14. fxg3 Qg5 15.
Qxg5 hxg5 16. Nf5 Bxc3 17. bxc3 Nc5 18. Bxg4 Be6 19. Ne3 1/2-1/2

[Event "36. Copenhagen Open (Politiken Cup)"]
[Site "Elsinore"]
[Date "2014.07.23"]
[Round "4"]
[White "Molvig, Julius"]
[Black "Brorsen, Jacob Abildlund"]
[Result "0-1"]
[WhiteElo "1892"]
[BlackElo "2179"]
[PlyCount "152"]
[EventDate "2014.07.21"]
[EventType "swiss"]
[EventRounds "10"]
[EventCountry "DEN"]
[Source "ChessBase"]
[SourceDate "2014.08.29"]

1. d4 Nf6 2. c4 c5 3. d5 b5 4. cxb5 a6 5. bxa6 g6 6. Nc3 Bxa6 7. g3 d6 8. Bg2
Bg7 9. Nf3 Nbd7 10. Rb1 O-O 11. O-O Qa5 12. h3 Nb6 13. b3 Bb7 14. Bd2 Qa7 15.
e4 Ba6 16. Re1 Nfd7 17. Qc2 Ne5 18. Nxe5 Bxe5 19. a4 Nd7 20. f4 Bd3 21. Qxd3
c4+ 22. Be3 cxd3 23. Bxa7 Bxc3 24. Rec1 Bd2 25. Rd1 Rxa7 26. Rxd2 Rb8 27. Rxd3
Rxa4 28. Re1 Ra3 29. e5 Nc5 30. Rde3 Rbxb3 31. Rxb3 Rxb3 32. exd6 exd6 33. Kh2
Kg7 34. Re2 Kf6 35. Bh1 Rd3 36. g4 h6 37. Re8 Rd4 38. Kg3 Nd3 39. Be4 Nb4 40.
f5 g5 41. h4 Nxd5 42. Bxd5 Rxd5 43. hxg5+ hxg5 44. Re3 Rd1 45. Kf3 d5 46. Kf2
Rd4 47. Kf3 Rf4+ 48. Kg3 Rc4 49. Kf3 Rf4+ 50. Kg3 Re4 51. Rb3 Re7 52. Kf3 d4
53. Rb5 Rd7 54. Ke4 d3 55. Rb1 d2 56. Rd1 Rd6 57. Kf3 Ke5 58. Ke3 Rd8 59. Kf3
Rd3+ 60. Ke2 Ke4 61. Kf2 Kf4 62. Ke2 Rd6 63. Rf1+ Kxg4 64. Kd1 Rd5 65. f6 Kh5
66. Rh1+ Kg6 67. Rf1 Rd4 68. Rf2 g4 69. Rf1 g3 70. Rf3 Rg4 71. Rf1 Kg5 72. Kxd2
g2 73. Rg1 Kf4 74. Ke2 Kg3 75. Ke3 Kh2 76. Kf2 Rf4+ 0-1

[Event "36. Copenhagen Open (Politiken Cup)"]
[Site "Elsinore"]
[Date "2014.07.23"]
[Round "4"]
[White "Mortensen, Jan T"]
[Black "Dyrnes, Jussi"]
[Result "1-0"]
[WhiteElo "2083"]
[BlackElo "1834"]
[PlyCount "115"]
[EventDate "2014.07.21"]
[EventType "swiss"]
[EventRounds "10"]
[EventCountry "DEN"]
[Source "ChessBase"]
[SourceDate "2014.08.29"]

1. d4 Nf6 2. Nf3 b6 3. c4 Bb7 4. Nc3 e6 5. a3 Be7 6. e3 O-O 7. Bd3 d5 8. cxd5
exd5 9. Qe2 Nbd7 10. O-O c5 11. Bd2 Bd6 12. Rac1 Re8 13. Bb1 Rc8 14. Rfd1 c4
15. Nb5 Bb8 16. Bb4 Nf8 17. a4 a6 18. Na3 Ng6 19. Bxg6 hxg6 20. Ne5 Bxe5 21.
dxe5 Rxe5 22. Nxc4 Re6 23. Bc3 Qe8 24. Nd2 Rec6 25. Qf1 R8c7 26. Bxf6 gxf6 27.
a5 b5 28. Nb3 Rc4 29. Nd4 Qc8 30. Ra1 Qf8 31. h4 Qh6 32. g3 Bc8 33. b3 Rc3 34.
Rac1 Bg4 35. Rxc3 Rxc3 36. Rc1 Rxc1 37. Qxc1 g5 38. f3 Be6 39. Nxe6 fxe6 40.
Qc8+ Kh7 41. Qd7+ Kh8 42. Qe8+ Kh7 43. Qf7+ Kh8 44. h5 f5 45. g4 f4 46. exf4
gxf4 47. Qe8+ Kh7 48. Qd7+ Kh8 49. Qc8+ Kh7 50. Qxa6 Qf6 51. Qxb5 Qe5 52. Qd3+
Kh8 53. Qd2 Qd6 54. b4 e5 55. Qc3 d4 56. Qc5 Qe6 57. Qf8+ Kh7 58. Qf5+ 1-0

[Event "36. Copenhagen Open (Politiken Cup)"]
[Site "Elsinore"]
[Date "2014.07.23"]
[Round "4"]
[White "Mott, Jens"]
[Black "Hvenekilde, Jorgen"]
[Result "1/2-1/2"]
[WhiteElo "1881"]
[BlackElo "2122"]
[PlyCount "49"]
[EventDate "2014.07.21"]
[EventType "swiss"]
[EventRounds "10"]
[EventCountry "DEN"]
[Source "ChessBase"]
[SourceDate "2014.08.29"]

1. d4 d6 2. e4 g6 3. c3 Bg7 4. Bc4 a6 5. Bd3 Nd7 6. Ne2 e6 7. O-O b6 8. f3 Bb7
9. Be3 Ne7 10. Nd2 d5 11. Rf2 O-O 12. e5 c5 13. Bc2 Nc6 14. a3 Rc8 15. b3 Qe7
16. Nf1 cxd4 17. cxd4 Rc7 18. Ra2 Rfc8 19. g3 a5 20. Bd3 Ncb8 21. Qd2 Ba6 22.
Bxa6 Nxa6 23. Qd3 Nab8 24. h4 f6 25. f4 1/2-1/2

[Event "36. Copenhagen Open (Politiken Cup)"]
[Site "Elsinore"]
[Date "2014.07.23"]
[Round "4"]
[White "Mozelius, Peter"]
[Black "Thaler, Toni"]
[Result "0-1"]
[WhiteElo "1847"]
[BlackElo "2081"]
[PlyCount "160"]
[EventDate "2014.07.21"]
[EventType "swiss"]
[EventRounds "10"]
[EventCountry "DEN"]
[Source "ChessBase"]
[SourceDate "2014.08.29"]

1. d4 Nf6 2. Nf3 e6 3. Bg5 h6 4. Bh4 Be7 5. Nbd2 d5 6. e3 c5 7. c3 Qb6 8. Rb1
Nc6 9. Bd3 Bd7 10. h3 O-O-O 11. Bg3 Rdf8 12. dxc5 Qxc5 13. Nb3 Qb6 14. O-O Ne4
15. Bxe4 dxe4 16. Nfd4 f6 17. Nd2 e5 18. N4b3 f5 19. a4 Be6 20. a5 Qd8 21. a6
b6 22. Qc2 Qd3 23. Qc1 f4 24. exf4 exf4 25. Bxf4 Rxf4 26. Nd4 Bd7 27. Nxc6 Bxc6
28. Nb3 Rhf8 29. Nd4 Bd5 30. Rd1 Qxa6 31. Ra1 Qb7 32. c4 Bg8 33. Nb5 a6 34. c5
axb5 35. cxb6+ Kb8 36. Ra7 Qxb6 37. Rxe7 Rxf2 38. Kh2 Bc4 39. Rdd7 Rf1 40. Rb7+
Qxb7 41. Rxb7+ Kxb7 42. Qc3 R8f7 43. Qe5 Bd3 44. Qd5+ Kc7 45. Qc5+ Kd7 46. Qd5+
Ke8 47. Qa8+ Ke7 48. Qb7+ Kd6 49. Qb6+ Kd5 50. b4 R7f5 51. Qb7+ Kc4 52. Qxg7
Rf6 53. Qe7 Kc3 54. Qa7 Kxb4 55. Qd4+ Kb3 56. Qe3 b4 57. Qd4 Rc6 58. Qd7 Rfc1
59. Qf7+ Kb2 60. Qf2+ R1c2 61. Qd4+ Ka3 62. Qa7+ Ra6 63. Qd4 b3 64. Qa1+ Kb4
65. Qd4+ Rc4 66. Qg7 Rb6 67. Qf8+ Rc5 68. Qf2 Rbc6 69. Qb2 Rc2 70. Qd4+ Ka3 71.
Qa1+ Ra2 72. Qd4 Rcc2 73. Qa7+ Kb2 74. Qd4+ Kb1 75. Qg1+ Rc1 76. Qb6 b2 77. Qb4
Ra6 78. Qd4 Ka2 79. Qd5+ Bc4 80. Qd2 e3 0-1

[Event "36. Copenhagen Open (Politiken Cup)"]
[Site "Elsinore"]
[Date "2014.07.23"]
[Round "4"]
[White "Nielsen, Bjorn"]
[Black "Rendlev, Niels Moller"]
[Result "0-1"]
[WhiteElo "1417"]
[BlackElo "1790"]
[PlyCount "78"]
[EventDate "2014.07.21"]
[EventType "swiss"]
[EventRounds "10"]
[EventCountry "DEN"]
[Source "ChessBase"]
[SourceDate "2014.08.29"]

1. e4 e6 2. Nc3 c5 3. Nf3 Nc6 4. Bc4 a6 5. d4 b5 6. d5 Na5 7. Be2 Bb7 8. dxe6
dxe6 9. Qxd8+ Rxd8 10. e5 Ne7 11. O-O h6 12. Bf4 Nd5 13. Nxd5 Bxd5 14. b3 Be7
15. Rac1 c4 16. Bd1 O-O 17. Be3 Rc8 18. c3 cxb3 19. Bxb3 Bxb3 20. axb3 Nxb3 21.
Rc2 Bc5 22. Re1 Rfd8 23. g3 Bxe3 24. fxe3 a5 25. Nd4 Nxd4 26. exd4 Rxd4 27.
Rec1 Rdc4 28. Kf2 b4 29. Ra1 R8c5 30. Rca2 Rxc3 31. Rxa5 Rc2+ 32. Kg1 Rxa5 33.
Rxa5 b3 34. Ra8+ Kh7 35. Rf8 b2 36. Rxf7 b1=Q+ 37. Rf1 Qb6+ 38. Kh1 Qc6+ 39.
Kg1 Qg2# 0-1

[Event "36. Copenhagen Open (Politiken Cup)"]
[Site "Elsinore"]
[Date "2014.07.23"]
[Round "4"]
[White "Nielsen, Klaus"]
[Black "Louis, Thibault"]
[Result "1/2-1/2"]
[WhiteElo "2067"]
[BlackElo "2249"]
[PlyCount "55"]
[EventDate "2014.07.21"]
[EventType "swiss"]
[EventRounds "10"]
[EventCountry "DEN"]
[Source "ChessBase"]
[SourceDate "2014.08.29"]

1. d4 e6 2. e3 Nf6 3. Bd3 c5 4. Nf3 b6 5. O-O Bb7 6. Nbd2 Be7 7. b3 d6 8. Bb2
cxd4 9. Nxd4 O-O 10. c4 Nbd7 11. Bc2 Rc8 12. Rc1 Re8 13. Qe2 Bf8 14. e4 e5 15.
Nf5 g6 16. Ne3 Bg7 17. Nd5 Nc5 18. g3 Ba6 19. Nb4 Bb7 20. Nd5 Ba6 21. Nb4 Bb7
22. Nd5 Ba6 23. Nb4 Bb7 24. Nd5 Ba6 25. Nb4 Bb7 26. Nd5 Ba6 27. Nb4 Bb7 28. Nd5
1/2-1/2

[Event "36. Copenhagen Open (Politiken Cup)"]
[Site "Elsinore"]
[Date "2014.07.23"]
[Round "4"]
[White "Nilssen, Ellen Fredericia"]
[Black "Thybo, Jan"]
[Result "1-0"]
[WhiteElo "1646"]
[BlackElo "1347"]
[PlyCount "79"]
[EventDate "2014.07.21"]
[EventType "swiss"]
[EventRounds "10"]
[EventCountry "DEN"]
[Source "ChessBase"]
[SourceDate "2014.08.29"]

1. Nf3 Nf6 2. b3 g6 3. Bb2 Bg7 4. e3 d6 5. Be2 O-O 6. O-O Nbd7 7. c4 e5 8. d3
Nc5 9. d4 exd4 10. Nxd4 Nfe4 11. Nd2 Nxd2 12. Qxd2 Ne4 13. Qc2 Bf5 14. Nxf5
Bxb2 15. Nh6+ Kg7 16. Qxb2+ Kxh6 17. f4 Qf6 18. Qc2 Rae8 19. Rae1 Qc3 20. Bd3
Qxc2 21. Bxc2 f5 22. a3 a5 23. b4 axb4 24. axb4 Nd2 25. Rf2 Nxc4 26. Rfe2 d5
27. Kf2 c6 28. h3 Nd6 29. g4 Ne4+ 30. Kf3 b6 31. Ba4 b5 32. Bb3 Ra8 33. Rc1
Rfc8 34. Rec2 Ra6 35. Bxd5 fxg4+ 36. hxg4 Nd2+ 37. Rxd2 cxd5 38. Rxc8 Ra4 39.
Rc7 Rxb4 40. Rh2# 1-0

[Event "36. Copenhagen Open (Politiken Cup)"]
[Site "Elsinore"]
[Date "2014.07.23"]
[Round "4"]
[White "Nordenbaek, Jan"]
[Black "Brouwer, Rein"]
[Result "1-0"]
[WhiteElo "2228"]
[BlackElo "2035"]
[PlyCount "125"]
[EventDate "2014.07.21"]
[EventType "swiss"]
[EventRounds "10"]
[EventCountry "DEN"]
[Source "ChessBase"]
[SourceDate "2014.08.29"]

1. e4 c5 2. Nf3 e6 3. b3 d5 4. exd5 exd5 5. Bb5+ Bd7 6. Bxd7+ Nxd7 7. O-O Be7
8. Re1 Kf8 9. d4 Ngf6 10. Bb2 Rc8 11. Nbd2 c4 12. c3 Bd6 13. Ne5 Nb6 14. Qf3
Rc7 15. Re2 g6 16. Rae1 Kg7 17. bxc4 Nxc4 18. Ndxc4 dxc4 19. Bc1 Rf8 20. Bg5 h6
21. Bh4 g5 22. Bg3 Ng8 23. Qf5 Ne7 24. Qc2 Nd5 25. f3 b5 26. Bf2 Nf4 27. Rd2 h5
28. h4 b4 29. Re4 f5 30. Re1 a5 31. hxg5 Nd5 32. Bh4 bxc3 33. Rdd1 Nf4 34. g3
Bxe5 35. dxe5 Nd3 36. Qxc3 Qe7 37. Rxd3 cxd3 38. Qxd3 Qc5+ 39. Kh1 Kg6 40. Re2
Re8 41. g4 hxg4 42. fxg4 Qc6+ 43. Kg1 Rf7 44. a3 Qe6 45. Be1 Rh8 46. Rf2 Re8
47. Bc3 Ref8 48. Qh3 Rh7 49. gxf5+ Rxf5 50. Qxf5+ Qxf5 51. Rxf5 Kxf5 52. Kf2 a4
53. Ke3 Rh4 54. e6 Kxe6 55. g6 Rg4 56. g7 Kd5 57. Kf3 Rg1 58. Kf4 Kc4 59. Bf6
Kd5 60. Bg5 Rf1+ 61. Kg4 Rg1+ 62. Kf5 Rf1+ 63. Kg6 1-0

[Event "36. Copenhagen Open (Politiken Cup)"]
[Site "Elsinore"]
[Date "2014.07.23"]
[Round "4"]
[White "Boe Olsen, Filip"]
[Black "Hansen, Ole Foss"]
[Result "1/2-1/2"]
[WhiteElo "1937"]
[BlackElo "1766"]
[PlyCount "122"]
[EventDate "2014.07.21"]
[EventType "swiss"]
[EventRounds "10"]
[EventCountry "DEN"]
[Source "ChessBase"]
[SourceDate "2014.08.29"]

1. d4 d5 2. Bf4 Nf6 3. e3 e6 4. c4 b6 5. Nc3 Nbd7 6. Nf3 Bb4 7. Qb3 Bxc3+ 8.
Qxc3 O-O 9. Be2 Bb7 10. O-O c5 11. dxc5 Ne4 12. Qc2 Ndxc5 13. Rfd1 Qe7 14. b4
Nd7 15. Qb2 Rac8 16. Rac1 f6 17. cxd5 Bxd5 18. Ba6 Rxc1 19. Rxc1 e5 20. Bg3 Nb8
21. Bc4 Qe6 22. Qb3 Rc8 23. Qd3 Kf8 24. Rc2 Nxg3 25. Bxd5 Rxc2 26. Qxc2 Qxd5
27. hxg3 Nc6 28. a3 e4 29. Nd2 f5 30. g4 g6 31. gxf5 gxf5 32. Qc3 Kf7 33. a4
Kg6 34. Nf1 Ne5 35. b5 Ng4 36. Qc6+ Nf6 37. Qc7 Qd7 38. Qc4 Qd6 39. Qd4 Qxd4
40. exd4 Nd5 41. g4 f4 42. Nd2 Nc3 43. Nc4 Nxa4 44. Ne5+ Kf6 45. Nc6 Nc3 46.
Nxa7 Ne2+ 47. Kg2 Nxd4 48. Nc8 Nxb5 49. Nxb6 Nd4 50. Nd5+ Kg5 51. Nc3 e3 52.
fxe3 fxe3 53. Kg3 e2 54. Kf2 Kxg4 55. Nxe2 Nxe2 56. Kxe2 Kg3 57. Kf1 Kh2 58.
Kf2 h5 59. Kf1 h4 60. Kf2 Kh1 61. Kf1 Kh2 1/2-1/2

[Event "36. Copenhagen Open (Politiken Cup)"]
[Site "Elsinore"]
[Date "2014.07.23"]
[Round "4"]
[White "Olsen, Michael Richard W"]
[Black "Robertsen, Bjorn"]
[Result "1-0"]
[WhiteElo "1990"]
[BlackElo "1594"]
[PlyCount "79"]
[EventDate "2014.07.21"]
[EventType "swiss"]
[EventRounds "10"]
[EventCountry "DEN"]
[Source "ChessBase"]
[SourceDate "2014.08.29"]

1. e4 c5 2. Nf3 d6 3. c3 Nf6 4. Qc2 Nc6 5. Na3 a6 6. Nc4 b5 7. Ne3 Bb7 8. Be2
Rc8 9. d3 Nd4 10. cxd4 cxd4 11. Qb3 dxe3 12. Bxe3 g6 13. O-O Bg7 14. a4 Bc6 15.
axb5 Bxb5 16. Nd4 Qd7 17. Nxb5 Qxb5 18. Qxb5+ axb5 19. d4 O-O 20. Bxb5 Rb8 21.
Ra5 Nxe4 22. Bd3 Nf6 23. Rb1 Ng4 24. b4 Rb7 25. h3 Nf6 26. Kf1 Rfb8 27. b5 Nd5
28. Be4 Nc3 29. Bxb7 Nxb1 30. Ra8 Rxa8 31. Bxa8 Nd2+ 32. Bxd2 Bxd4 33. Be3 Be5
34. f4 Bc3 35. b6 Ba5 36. b7 Bc7 37. Ba7 Kg7 38. b8=Q Bxb8 39. Bxb8 Kf6 40. Kf2
1-0

[Event "36. Copenhagen Open (Politiken Cup)"]
[Site "Elsinore"]
[Date "2014.07.23"]
[Round "4"]
[White "Paulsson, Anders"]
[Black "Hagen, Thorolf"]
[Result "1-0"]
[WhiteElo "1788"]
[BlackElo "1658"]
[PlyCount "53"]
[EventDate "2014.07.21"]
[EventType "swiss"]
[EventRounds "10"]
[EventCountry "DEN"]
[Source "ChessBase"]
[SourceDate "2014.08.29"]

1. e4 e5 2. Nf3 Nc6 3. Bc4 Nf6 4. d4 exd4 5. O-O d6 6. Ng5 Ne5 7. Bb3 h6 8. f4
hxg5 9. fxe5 dxe5 10. Bxg5 Qd6 11. Nd2 b5 12. a4 Ba6 13. axb5 Bxb5 14. Nc4 Bxc4
15. Bxc4 Qc5 16. Qd3 Be7 17. Bxf6 Bxf6 18. Ra6 Ke7 19. g4 Rh6 20. g5 Rg6 21.
Bd5 Rxg5+ 22. Kh1 Rh8 23. Rc6 Qa5 24. b4 Qxb4 25. Rxc7+ Kd6 26. Rxf7 Rgh5 27.
Qa6+ 1-0

[Event "36. Copenhagen Open (Politiken Cup)"]
[Site "Elsinore"]
[Date "2014.07.23"]
[Round "4"]
[White "Pedersen, Henrik Bolding"]
[Black "Hansen, Verner"]
[Result "1-0"]
[WhiteElo "2134"]
[BlackElo "1888"]
[PlyCount "59"]
[EventDate "2014.07.21"]
[EventType "swiss"]
[EventRounds "10"]
[EventCountry "DEN"]
[Source "ChessBase"]
[SourceDate "2014.08.29"]

1. e4 e5 2. Nf3 d6 3. d4 exd4 4. Nxd4 g6 5. Be2 Bg7 6. Nc3 Nf6 7. O-O O-O 8. a4
Nbd7 9. Bg5 Nc5 10. f3 Ne6 11. Be3 Re8 12. Qd2 Nxd4 13. Bxd4 Bd7 14. Rad1 Bc6
15. Bc4 Qe7 16. Rfe1 Nh5 17. Bxg7 Kxg7 18. b4 Qf6 19. b5 Bd7 20. Nd5 Qd8 21.
Qd4+ Kg8 22. g4 c6 23. Ne3 Qg5 24. Ng2 Nf4 25. h4 Qe7 26. Nxf4 Qxh4 27. Ng2 Qg3
28. Qxd6 Qxf3 29. Rf1 Qxg4 30. Bxf7+ 1-0